Statistics for Female Philosophers

Click here to take the quiz!

General Stats

  • This quiz has been taken 50 times
    (49 since last reset)
  • The average score is 6 of 12

Answer Stats

LifeSchoolHintAnswer% Correct
1908-1986FeminismThe Second SexSimone de Beauvoir
94%
1906-1975Political PhilsophyThe Origins of TotalitarianismHannah Arendt
86%
1759-1797FeminismA Vindication of the Rights of WomanMary Wollstonecraft
83%
1905-1982ObjectivismThe FountainheadAyn Rand
74%
1871-1919MarxismExecuted by paramilitary groupRosa Luxemburg
51%
1909-1943Modern Platonismwaiting for GodSimone Weil
40%
1098-1179Scholasticismalso musicianHildegard of Bingen
34%
1947-Analytical PhilosphyThe Fragility of GoodnessMartha Nussbaum
31%
ca350/370-415neoplatonismlynched by a mob of ChristiansHypatia
29%
1919-2001Analytical PhilosphyTranslated works of WittgensteinElizabeth Anscombe
20%
1941-Linguistic Philosphythe symbolic and the semioticJulia Kristeva
14%
1618-1680Rational philosophylarge influence on DescartesElisabeth of the Palatinate
11%

Score Distribution

Percentile by Number Answered

Percent of People with Each Score

Your Score History

You have not taken this quiz since the last reset